| 000 | 00431nam a2200157Ia 4500 | ||
|---|---|---|---|
| 008 | 210716s2010 xx 000 0 und d | ||
| 020 | _a9789350230541 | ||
| 041 | _aeng | ||
| 082 | _a005.3002 MACM | ||
| 100 | _aMacdonald, Matthew. | ||
| 245 |
_aExcel2010: the missing manual. _bMissing manual. |
||
| 250 | _a1 | ||
| 260 |
_aMumbai _bShroff Publishers and Distributors Pvt Ltd _c2010 |
||
| 300 | _axxii,871,22 | ||
| 650 | _aNone | ||
| 999 |
_c191085 _d191085 |
||